000 00491cam a2200181ua 4500
020 _c295.00
041 _aeng
_h
082 _a028.75338
_bSOH/IS
100 _aSohrab, .
245 _aISO 9000 and the food industry: A practical guide /
_cSohrab.
_hTextual Documents
260 _aNew Delhi :
_bAgricultural and processed food products ,
_c1994.
300 _a262 ; .
365 _a295.00
504 _a
700 1 _aShashi, Sareen .
942 _cBK
999 _c8906
_d8906